Feels Like We Only Go Backwards - Tame Impala (All Lyrics) - Statistics

General Stats
  • This quiz has been taken 100 times
  • The average score is 130 of 169
Answer Stats
Answer % Correct
backwards
100%
feels
100%
Feels
100%
go
100%
"go
100%
I
100%
like
100%
only
100%
we
97%
It
96%
it
96%
Every
94%
me
94%
of
90%
part
90%
says
90%
no
89%
baby
87%
got
83%
my
82%
(my
82%
again
80%
ahead"
79%
not
77%
darling
72%
oh
72%
up
70%
hope
69%
you
69%
You
69%
hopes
68%
so
68%
the
68%
The
68%
that
63%
head
59%
real
59%
to
59%
when
59%
When
59%
call
58%
don't
58%
name
58%
name)
58%
all
55%
But
55%
know
55%
feelings
54%
day
52%
inside
52%
show
52%
hear
51%
silly
49%
think
49%
way
49%
sound
48%
long
46%
something
46%
that's
46%
Your
46%
I'm
45%
realise
45%
get
44%
just
44%
seems
41%
ago
39%
'Cause
39%
maybe
38%
indecision
37%
holding
35%
hard
34%
decided
31%
onto
30%
isn't
27%
this
27%
trying
23%
seed
18%
No matching quizzes found
Score Distribution
Percent of People with Each Score
Percentile by Number Answered
Your Score History
You have not taken this quiz